| 000 | 00872cam a22001694a 4500 | ||
|---|---|---|---|
| 005 | 20250605163700.0 | ||
| 008 | 250528s ||||||||||||||||||||||||d | ||
| 035 | _a24225 | ||
| 040 |
_aGR-AtMCL _bgre _dGR-AtMCL _eAACR2 |
||
| 245 | 1 | _aΕυρωπαϊκή Ένωση και Αθλητισμός | |
| 260 |
_bΔιοικητική Μονάδα 'Εκδόσεις' _bΟπτικοακουστικός Τομέας, Πληροφόρηση, Επικοινωνία Και Πολιτιστικά Θέματα, _c1996 |
||
| 300 | _a8 | ||
| 520 | _aΑθλητισμός και Στατιστικές, Η Άποψη του Ευρωπαϊκού Κοινοβουλίου, Ευρωπαϊκή Νομοθεσία και Αθλητισμός, Η Υπόθεση Bosman, Χουλιγκανισμός, Το Μέλλον. | ||
| 942 | _cCR | ||
| 999 |
_c9118 _d9118 |
||